00000000cam 2200000zi 4500
0019.963359
003CaOODSP
00520260605144217
006m     o  d f      
007cr |n|||||||||
008260605t20252025onc     ob   f|0| 0 fre d
040 |aCaOODSP|bfre|erda|cCaOODSP
043 |an-cn---
0861 |aBT23-2/21-2025F-PDF
24500|aDirective sur les langues officielles pour la gestion des personnes (mise à jour).
264 1|aOttawa, Ontario : |bSecrétariat du Conseil du trésor du Canada = Treasury Board of Canada Secretariat, |c2025.
264 4|c©2025
300 |a1 ressource en ligne (24 pages)
336 |atexte|btxt|2rdacontent/fre
337 |ainformatique|bc|2rdamedia/fre
338 |aressource en ligne|bcr|2rdacarrier/fre
500 |aPublié aussi en anglais sous le titre : Directive on official languages for people management (update).
500 |aLe n° de catalogue (BT23-2/21-2012F-PDF) et le n° ISBN (978-0-660-09663-6) d’une édition précédente sont imprimés dans cette édition.
500 |a« Publié : le 2025-06-16. »
504 |aComprend des références bibliographiques (page 12).
61016|aCanada. |tLoi sur les langues officielles.
650 6|aPolitique linguistique|zCanada.
650 6|aBilinguisme|xPolitique gouvernementale|zCanada.
650 6|aBilinguisme|xFonctionnaires|zCanada.
650 6|aFonction publique|zCanada|xPersonnel|xDirection.
7101 |aCanada. |bConseil du trésor, |eorganisme de publication.
77508|tDirective on official languages for people management (update).|w(CaOODSP)9.963354
795 |tDirective sur les langues officielles pour la gestion des personnes |b[2012]|w(CaOODSP)9.843592
85640|qPDF|s920 Ko|uhttps://publications.gc.ca/collections/collection_2026/sct-tbs/BT23-2-21-2025-fra.pdf
8564 |qHTML|sS.O.|uhttps://www.tbs-sct.canada.ca/pol/doc-fra.aspx?id=26168